000 00370nam a22001697a 4500
005 20160620121315.0
008 160620b xxu||||| |||| 00| 0 eng d
020 _a81-203-0877-8
041 _aeng
082 _b8493
100 _aKother, Philp
_92315
245 _aMarketing Management
260 _bPHI
300 _a764
650 _aManagement
_9241
942 _cBK
999 _c3254
_d3253